Globalization and the European political economy

Bibliographic Details
Corporate Author: ProQuest (Firm)
Other Authors: Weber, Steven.
Format: Electronic eBook
Language:English
Published: New York : Columbia University Press, c2001.
Subjects:
Online Access:Click to View
LEADER 01358nam a2200373Ia 4500
001 EBC3027855
003 MiAaPQ
005 20200520144314.0
006 m o d |
007 cr cn|||||||||
008 000831s2001 nyu sb 001 0 eng d
010 |z  00064425  
020 |z 9780231121484 
020 |z 0231121482 (cloth : alk. paper) 
020 |z 0231121490 (pbk. : alk. paper) 
035 |a (MiAaPQ)EBC3027855 
035 |a (Au-PeEL)EBL3027855 
035 |a (CaPaEBR)ebr10183465 
035 |a (OCoLC)243615899 
040 |a MiAaPQ  |c MiAaPQ  |d MiAaPQ 
050 4 |a HC240  |b .G535 2001 
082 0 4 |a 337.4  |2 21 
245 0 0 |a Globalization and the European political economy  |h [electronic resource] /  |c Steven Weber, editor. 
260 |a New York :  |b Columbia University Press,  |c c2001. 
300 |a x, 316 p. 
504 |a Includes bibliographical references and index. 
533 |a Electronic reproduction. Ann Arbor, MI : ProQuest, 2015. Available via World Wide Web. Access may be limited to ProQuest affiliated libraries. 
650 0 |a Globalization. 
651 0 |a Europe  |x Economic conditions. 
651 0 |a Europe  |x Foreign economic relations. 
655 4 |a Electronic books. 
700 1 |a Weber, Steven. 
710 2 |a ProQuest (Firm) 
856 4 0 |u https://ebookcentral.proquest.com/lib/matrademy/detail.action?docID=3027855  |z Click to View